<?xml version="1.0" encoding="UTF-8"?>
<record
    xmlns:xsi="http://www.w3.org/2001/XMLSchema-instance"
    xsi:schemaLocation="http://www.loc.gov/MARC21/slim http://www.loc.gov/standards/marcxml/schema/MARC21slim.xsd"
    xmlns="http://www.loc.gov/MARC21/slim">

  <leader>00998cam a22002655a 4500</leader>
  <controlfield tag="001">18337993</controlfield>
  <controlfield tag="005">20160110143731.0</controlfield>
  <controlfield tag="008">141017s2013    enka   frb    001 0 eng d</controlfield>
  <datafield tag="020" ind1=" " ind2=" ">
    <subfield code="a">9780080982311 (hardback)</subfield>
  </datafield>
  <datafield tag="040" ind1=" " ind2=" ">
    <subfield code="a">DLC</subfield>
    <subfield code="b">eng</subfield>
    <subfield code="c">DLC</subfield>
    <subfield code="d">DLC</subfield>
    <subfield code="d">EG-ScBUE</subfield>
  </datafield>
  <datafield tag="082" ind1="0" ind2="4">
    <subfield code="a">620.11892</subfield>
    <subfield code="2">22</subfield>
    <subfield code="b">VAS</subfield>
  </datafield>
  <datafield tag="100" ind1="1" ind2=" ">
    <subfield code="a">Vasiliev, Valery V.</subfield>
    <subfield code="9">39000</subfield>
  </datafield>
  <datafield tag="245" ind1="1" ind2="0">
    <subfield code="a">Advanced mechanics of composite materials and structural elements /</subfield>
    <subfield code="c">Valery V. Vasiliev, Evgeny V. Morozov. </subfield>
  </datafield>
  <datafield tag="250" ind1=" " ind2=" ">
    <subfield code="a">3rd ed.</subfield>
  </datafield>
  <datafield tag="260" ind1=" " ind2=" ">
    <subfield code="a">Oxford ; </subfield>
    <subfield code="a">Waltham : </subfield>
    <subfield code="b">Elsevier, </subfield>
    <subfield code="c">2013.</subfield>
  </datafield>
  <datafield tag="300" ind1=" " ind2=" ">
    <subfield code="a">xiii, 818 p. :</subfield>
    <subfield code="b">ill. ;</subfield>
    <subfield code="c">24 cm.</subfield>
  </datafield>
  <datafield tag="500" ind1=" " ind2=" ">
    <subfield code="a">First edition issued as: Mechanics and analysis of composite materials.</subfield>
  </datafield>
  <datafield tag="504" ind1=" " ind2=" ">
    <subfield code="a">Includes bibliographical references and indexes.</subfield>
  </datafield>
  <datafield tag="650" ind1=" " ind2="7">
    <subfield code="a">Composite materials</subfield>
    <subfield code="x">Mechanical properties.</subfield>
    <subfield code="2">BUEsh</subfield>
    <subfield code="9">29104</subfield>
  </datafield>
  <datafield tag="650" ind1=" " ind2="7">
    <subfield code="a">Fibrous composites</subfield>
    <subfield code="x">Mechanical properties.</subfield>
    <subfield code="2">BUEsh</subfield>
    <subfield code="9">39001</subfield>
  </datafield>
  <datafield tag="651" ind1=" " ind2=" ">
    <subfield code="2">BUEsh</subfield>
  </datafield>
  <datafield tag="653" ind1=" " ind2=" ">
    <subfield code="b">ENGGEN</subfield>
    <subfield code="c">June2015</subfield>
    <subfield code="c">January2016</subfield>
  </datafield>
  <datafield tag="700" ind1="1" ind2=" ">
    <subfield code="a">Morozov, Evgeny V.</subfield>
  </datafield>
  <datafield tag="942" ind1=" " ind2=" ">
    <subfield code="2">ddc</subfield>
  </datafield>
  <datafield tag="999" ind1=" " ind2=" ">
    <subfield code="c">20026</subfield>
    <subfield code="d">19998</subfield>
  </datafield>
  <datafield tag="952" ind1=" " ind2=" ">
    <subfield code="0">0</subfield>
    <subfield code="1">0</subfield>
    <subfield code="2">ddc</subfield>
    <subfield code="4">0</subfield>
    <subfield code="7">0</subfield>
    <subfield code="8">Alahram</subfield>
    <subfield code="a">MAIN</subfield>
    <subfield code="b">MAIN</subfield>
    <subfield code="c">1ST</subfield>
    <subfield code="d">2015-06-29</subfield>
    <subfield code="e">Purchase</subfield>
    <subfield code="g">1182.00</subfield>
    <subfield code="h">304</subfield>
    <subfield code="l">1</subfield>
    <subfield code="m">18</subfield>
    <subfield code="o">620.11892 VAS</subfield>
    <subfield code="p">000038868</subfield>
    <subfield code="r">2025-07-15 00:00:00</subfield>
    <subfield code="s">2019-10-10</subfield>
    <subfield code="v">1477.50</subfield>
    <subfield code="y">BB</subfield>
  </datafield>
</record>
